Leap into the unknown autobiographical anecdotes (Record no. 95385)
[ view plain ]
| 000 -LEADER | |
|---|---|
| fixed length control field | 00543nam a2200217Ia 4500 |
| 003 - CONTROL NUMBER IDENTIFIER | |
| control field | OSt |
| 005 - DATE AND TIME OF LATEST TRANSACTION | |
| control field | 20251209165854.0 |
| 008 - FIXED-LENGTH DATA ELEMENTS--GENERAL INFORMATION | |
| fixed length control field | 210210b1992 xxu||||| |||| 00| 0 eng d |
| 020 ## - INTERNATIONAL STANDARD BOOK NUMBER | |
| International Standard Book Number | 8170861586 |
| 040 ## - CATALOGING SOURCE | |
| Transcribing agency | AL |
| 041 ## - LANGUAGE CODE | |
| Language code of text/sound track or separate title | eng |
| 082 ## - DEWEY DECIMAL CLASSIFICATION NUMBER | |
| Classification number | 922 THOL |
| 100 ## - MAIN ENTRY--PERSONAL NAME | |
| Personal name | Thomas M A |
| 9 (RLIN) | 248553 |
| 245 ## - TITLE STATEMENT | |
| Title | Leap into the unknown autobiographical anecdotes |
| 260 ## - PUBLICATION, DISTRIBUTION, ETC. | |
| Place of publication, distribution, etc. | Bangalore |
| Name of publisher, distributor, etc. | Asian Trading Corporation |
| Date of publication, distribution, etc. | 1992 |
| 300 ## - PHYSICAL DESCRIPTION | |
| Extent | 242p |
| 650 ## - SUBJECT ADDED ENTRY--TOPICAL TERM | |
| Topical term or geographic name entry element | Thomas M A |
| 9 (RLIN) | 248554 |
| 690 ## - LOCAL SUBJECT ADDED ENTRY--TOPICAL TERM (OCLC, RLIN) | |
| Topical term or geographic name as entry element | Autobiography |
| 9 (RLIN) | 248555 |
| 906 ## - LOCAL DATA ELEMENT F, LDF (RLIN) | |
| a | 046644 |
| 942 ## - ADDED ENTRY ELEMENTS (KOHA) | |
| Source of classification or shelving scheme | Dewey Decimal Classification |
| Koha item type | Book |
| Withdrawn status | Lost status | Source of classification or shelving scheme | Damaged status | Not for loan | Collection code | Home library | Current library | Date acquired | Cost, normal purchase price | Total Checkouts | Full call number | Barcode | Date last seen | Date last checked out | Price effective from | Koha item type |
|---|---|---|---|---|---|---|---|---|---|---|---|---|---|---|---|---|
| Dewey Decimal Classification | History | St Aloysius Library | St Aloysius Library | 02/17/2021 | 75.00 | 1 | 922 THOL | 046644 | 04/30/2024 | 04/01/2024 | 02/17/2021 | Book | ||||
| Dewey Decimal Classification | History | St Aloysius Library | St Aloysius Library | 03/24/2013 | 922 THOL | GF02114 | 04/13/2022 | 04/13/2022 | George Fernandes Collections | |||||||
| Dewey Decimal Classification | History | St Aloysius Library | St Aloysius Library | 03/24/2013 | 922 THOL | GF02019 | 05/04/2022 | 05/04/2022 | George Fernandes Collections |